000 00778nam a22002412 4500
001 0000020446
005 20151217152215.0
008 110919s xx 000 0 eng d
020 _a0761934138 :
040 _aKABU
_cKABU
100 1 _aKaul, Asha.
_@0000157087
245 1 0 _aEffective presentation :
_btalk your way to success /
_cAsha Kaul.
250 _a1st ed.
260 _aLondon :
_bResponse Books,
_c2005.
300 _a227 p.
650 0 _aBusiness presentations.
_@0000151656
650 0 _aVisual communication.
_@0000151977
650 0 _aOral communication.
_@0000151989
852 1 _9p2261.45 KES
852 1 _9p2261.45 KES
908 _a110919
950 _@1
999 _c9337
_d9337